000 00955nac a22003017a 4500
001 BR0504032
003 BR-BrBNA
005 20240105123204.0
008 230509b bl.|||m| |||| 00| 0 por d
040 _aBR-BrBNA
_bpor
_cBiblioteca Nacional de Agricultura
072 _aE11; E50
090 _aE11 BR0504032
100 1 _aCurado, F.F.
100 1 _aSantos, c.s. de S.
110 1 _aEMBRAPA Pantanal, Corumbá, MS (Braazil)
245 1 _aPré-Diagnóstico Participativo de Agroecossistemas dos Assentamentos Paiozinhos e Tamarineiro 2
260 3 _aCorumbá, MS (Brasil):
_c2004.
300 _a35 p.
490 _aDocumentos - EMBRAPA Pantanal (Brazil)
_vno. 45
_xISSN 1517-1973
500 _a28 ref.
650 _aREFORMA AGRÁRIA
650 _aSOCIOLOGIA RURAL
650 _aASSENTAMENTO
650 _aECOSSISTEMA
650 _aPLANEJAMENTO PARTICIPATIVO
909 _a202312
_bLúcia Elande
_c55
_dLúcia Elande
942 _2AGRIS
_n0
_cMS
999 _c294362
_d294362